| 000 | 00725nam a2200277Ia 4500 | ||
|---|---|---|---|
| 003 | OSt | ||
| 005 | 20221005082639.0 | ||
| 006 | a|||||r|||| 00| 0 | ||
| 007 | ta | ||
| 008 | 221004b |||||||| |||| 00| 0 eng d | ||
| 020 | _a8120713729 | ||
| 024 | _a17517 | ||
| 037 | _cTextual | ||
| 040 |
_aCRL _cCRL _beng |
||
| 041 |
_2eng _aeng |
||
| 082 | _aSigma:f, N2 | ||
| 100 | _aGhosh B N | ||
| 245 | 0 | _aScientific method and social research | |
| 250 | _a3rd | ||
| 260 |
_aNew Delhi _bSterling India _c1992 |
||
| 300 |
_axvi,314p Bibliography p307-310 _ccm. |
||
| 650 | _a SOCIAL SCIENCES | ||
| 650 | _aRESEARCH METHODS | ||
| 942 |
_hSigma:f, N2 _cTEXL _2cc |
||
| 999 |
_c989649 _d989649 |
||